Tuyển tập 100 ca khúc tiền chiến và những tình khúc vượt thời gian

Guardat en:
Dades bibliogràfiques
Format: Llibre
Idioma:Undetermined
Publicat: Cà Mau Mũi Cà Mau 2004
Matèries:
Etiquetes: Afegir etiqueta
Sense etiquetes, Sigues el primer a etiquetar aquest registre!
Thư viện lưu trữ: Trung tâm Học liệu Trường Đại học Cần Thơ
LEADER 00568nam a2200181Ia 4500
001 CTU_64795
008 210402s9999 xx 000 0 und d
020 |b 60000 
082 |a 781.6 
082 |b T527 
245 0 |a Tuyển tập 100 ca khúc tiền chiến và những tình khúc vượt thời gian 
245 0 |c Lê Quốc Thắng tuyển chọn 
260 |a Cà Mau 
260 |b Mũi Cà Mau 
260 |c 2004 
650 |a Songs, vietnamese 
904 |i Trọng Hải 
980 |a Trung tâm Học liệu Trường Đại học Cần Thơ